[Event "First Saturday FM-B Nov 2013"]
[Site "Budapest"]
[Date "2013.11.02"]
[Round "1.1"]
[White "Toth, Laszlo G"]
[Black "Gruz, Janos"]
[Result "1/2-1/2"]
[WhiteElo "1683"]
[BlackElo "1793"]
[PlyCount "104"]
[EventDate "2013.11.02"]

1. e4 d6 2. d3 Nf6 3. g3 e5 4. Bg2 Be7 5. Nf3 Bg4 6. h3 Bh5 7. O-O Nc6 8. c3
O-O 9. Qc2 Bg6 10. Re1 Rb8 11. Nbd2 b5 12. Nh4 b4 13. Nxg6 hxg6 14. Nc4 Qd7 15.
Bd2 Rb5 16. a4 Rbb8 17. a5 Rfd8 18. Qa4 Bf8 19. cxb4 Nxb4 20. Bxb4 Qxa4 21.
Rxa4 Rxb4 22. Rxb4 d5 23. exd5 Bxb4 24. Rxe5 Bc5 25. Kf1 Bd4 26. Re2 Kf8 27.
Ne5 Bxe5 28. Rxe5 Rb8 29. Re2 Rb5 30. Rc2 Ne8 31. a6 Rb6 32. Ke2 Rxa6 33. g4
Ke7 34. Ke3 Kd7 35. f4 Nd6 36. h4 Ra1 37. Bf3 Ra2 38. h5 gxh5 39. gxh5 Ra4 40.
Bg4+ Kd8 41. Rg2 Ke7 42. Bh3 Ne8 43. Rc2 Kd8 44. Bg2 Nf6 45. Bf3 Rb4 46. Rc6
Rxb2 47. h6 Ne8 48. hxg7 Nxg7 49. Ra6 Ne8 50. Rxa7 Rb4 51. Bh5 Ke7 52. Bf3 Kd8
1/2-1/2

[Event "First Saturday FM-B Nov 2013"]
[Site "Budapest"]
[Date "2013.11.02"]
[Round "1.2"]
[White "Bacsi, Andras"]
[Black "Karacsonyi, Gellert"]
[Result "1/2-1/2"]
[WhiteElo "1836"]
[BlackElo "1782"]
[PlyCount "119"]
[EventDate "2013.11.02"]

1. Nf3 f5 2. c4 Nf6 3. Nc3 g6 4. g3 Bg7 5. Bg2 O-O 6. O-O d6 7. d4 Qe8 8. d5
Na6 9. Rb1 c6 10. Bf4 c5 11. Qd2 Nc7 12. Bh6 a6 13. Bxg7 Kxg7 14. b4 cxb4 15.
Rxb4 Rb8 16. Nd4 Bd7 17. Rfb1 b5 18. cxb5 axb5 19. Nc6 Ra8 20. Nd4 Rb8 21. Nc6
Ra8 22. Nxb5 Ncxd5 23. Bxd5 Nxd5 24. Qxd5 Bxc6 25. Qd4+ e5 26. Qxd6 Rf6 27. Qd2
Bxb5 28. Rxb5 Rf7 29. Qb2 Qe6 30. Rxe5 Qf6 31. Rb5 Qxb2 32. R1xb2 Kh6 33. h4
Rfa7 34. f3 Rxa2 35. Rxa2 Rxa2 36. Kf2 Ra1 37. Rb7 Rh1 38. Ke3 Rh2 39. Re7 g5
40. hxg5+ Kxg5 41. f4+ Kf6 42. Rb7 h5 43. Rb6+ Kf7 44. Kf3 Kg7 45. e4 fxe4+ 46.
Kxe4 Rh3 47. Rb5 Rxg3 48. Rxh5 Kf7 49. Kf5 Ra3 50. Rh7+ Kf8 51. Rb7 Ra6 52. Kg5
Rc6 53. f5 Ra6 54. Rh7 Rb6 55. Rh3 Ra6 56. f6 Ra1 57. Rf3 Kf7 58. Kf5 Rb1 59.
Re3 Rf1+ 60. Kg4 1/2-1/2

[Event "First Saturday FM-B Nov 2013"]
[Site "Budapest"]
[Date "2013.11.02"]
[Round "1.3"]
[White "Nemeth, Otto"]
[Black "Szonyi, Bence"]
[Result "1/2-1/2"]
[WhiteElo "1684"]
[BlackElo "1660"]
[PlyCount "83"]
[EventDate "2013.11.02"]

1. e4 e6 2. d4 d5 3. e5 c5 4. c3 Nc6 5. Bb5 Qb6 6. Bxc6+ bxc6 7. Nf3 Ba6 8.
Nbd2 cxd4 9. cxd4 Bb4 10. a3 Bxd2+ 11. Qxd2 Ne7 12. b4 O-O 13. h4 f6 14. g4
fxe5 15. Nxe5 Qc7 16. f4 Ng6 17. Nxg6 hxg6 18. Qe3 Qf7 19. Kf2 Bc4 20. Kg3 a5
21. Bd2 a4 22. Rae1 Rfe8 23. h5 gxh5 24. Rxh5 Qg6 25. Reh1 Qd3 26. Re5 Qxe3+
27. Rxe3 Bb3 28. Rhe1 Kf7 29. g5 Rac8 30. Rc3 g6 31. Rh1 Rh8 32. Rxh8 Rxh8 33.
Rxc6 Rh1 34. Rc1 Rxc1 35. Bxc1 Bc4 36. b5 Bxb5 37. Kf3 Bc4 38. Ke3 Bb3 39. Kd3
Bc4+ 40. Kc3 Bb3 41. Kb4 Bd1 42. Bd2 1/2-1/2

[Event "First Saturday FM-B Nov 2013"]
[Site "Budapest"]
[Date "2013.11.02"]
[Round "1.4"]
[White "Szlenka, Attila"]
[Black "Szabo, Miklos Istvan"]
[Result "1-0"]
[WhiteElo "1821"]
[BlackElo "1315"]
[PlyCount "61"]
[EventDate "2013.11.02"]

1. g3 d5 2. Bg2 Nf6 3. c4 g6 4. Nf3 Bg7 5. O-O O-O 6. cxd5 Nxd5 7. Nc3 Nf6 8.
d3 Nc6 9. Bg5 Bg4 10. h3 h6 11. Bd2 Bd7 12. Qc1 Kh7 13. d4 Be6 14. e3 Qd7 15.
Kh2 Bc4 16. Re1 Nb4 17. Ne5 Qe6 18. a3 Nd3 19. Nxd3 Bxd3 20. Bxb7 Rab8 21. Bg2
g5 22. Nd1 Rfc8 23. Qc3 Rb3 24. Qa5 a6 25. Rc1 Rb5 26. Qc3 Rb3 27. Qc6 Qf5 28.
e4 Qg6 29. f3 Rb6 30. Qc3 Rb3 31. Qxb3 1-0

[Event "First Saturday FM-B Nov 2013"]
[Site "Budapest"]
[Date "2013.11.02"]
[Round "1.5"]
[White "Marcu, Simon"]
[Black "Szakacs, Eniko"]
[Result "1/2-1/2"]
[WhiteElo "1892"]
[BlackElo "1750"]
[PlyCount "65"]
[EventDate "2013.11.02"]

1. d4 Nf6 2. c4 Nc6 3. Nc3 e5 4. d5 Ne7 5. e4 Ng6 6. Bd3 Bb4 7. Nge2 O-O 8. O-O
Bxc3 9. Nxc3 d6 10. Bd2 Ne8 11. b4 f5 12. f3 f4 13. c5 Qg5 14. cxd6 cxd6 15.
Rc1 Nh4 16. Rf2 Bh3 17. Bf1 Rf6 18. g4 Bxf1 19. Qxf1 h5 20. h3 hxg4 21. hxg4
Rg6 22. Rh2 Rh6 23. Be1 Nf6 24. Bxh4 Rxh4 25. Rxh4 Qxh4 26. Nb5 Ne8 27. Qf2
Qxf2+ 28. Kxf2 Kf7 29. Na3 Ke7 30. Ke2 Kd7 31. Kd3 Nc7 32. b5 Rh8 33. Rc2
1/2-1/2

[Event "First Saturday FM-B Nov 2013"]
[Site "Budapest"]
[Date "2013.11.04"]
[Round "2.1"]
[White "Szabo, Miklos Istvan"]
[Black "Marcu, Simon"]
[Result "0-1"]
[WhiteElo "1315"]
[BlackElo "1892"]
[PlyCount "48"]
[EventDate "2013.11.02"]

1. e4 c6 2. d4 d5 3. Nc3 e6 4. Bd2 dxe4 5. Nxe4 Qxd4 6. Nc3 Bc5 7. Qf3 Nf6 8.
Nge2 Qg4 9. Qd3 Nbd7 10. Bf4 e5 11. h3 Qh4 12. g3 Qh5 13. Bd2 Nb6 14. Bg2 Bf5
15. Ne4 Bxe4 16. Bxe4 Rd8 17. Qf3 Qxf3 18. Bxf3 Bxf2+ 19. Kxf2 Rxd2 20. Rac1
O-O 21. g4 Rfd8 22. g5 Nfd5 23. Rhd1 Nf4 24. h4 Rxd1 0-1

[Event "First Saturday FM-B Nov 2013"]
[Site "Budapest"]
[Date "2013.11.04"]
[Round "2.2"]
[White "Szonyi, Bence"]
[Black "Szlenka, Attila"]
[Result "1-0"]
[WhiteElo "1660"]
[BlackElo "1821"]
[PlyCount "87"]
[EventDate "2013.11.02"]

1. e4 g6 2. d4 Bg7 3. c4 d6 4. Nf3 Nd7 5. Be2 Ngf6 6. Nc3 O-O 7. O-O c6 8. Be3
Ng4 9. Bf4 e5 10. Bg3 Qe7 11. h3 Ngf6 12. d5 cxd5 13. Nxd5 Nxd5 14. Qxd5 Nb6
15. Qd2 Be6 16. Rac1 h6 17. Rfd1 Rad8 18. Qa5 Nc8 19. b3 f5 20. exf5 gxf5 21.
Bh4 Bf6 22. Bxf6 Qxf6 23. c5 b6 24. cxb6 axb6 25. Qc3 Qe7 26. Bc4 Bxc4 27.
Qxc4+ Qf7 28. Qe2 e4 29. Nd4 d5 30. Rc6 Nd6 31. Rxb6 Kh7 32. Qa6 Ra8 33. Qe2
Qe7 34. Nb5 Nc8 35. Rc6 Qf7 36. Nc7 Ne7 37. Nxa8 Rxa8 38. Rc7 Rg8 39. Rxd5 Qxd5
40. Rxe7+ Rg7 41. Rxg7+ Kxg7 42. b4 f4 43. Qg4+ Kh7 44. Qxf4 1-0

[Event "First Saturday FM-B Nov 2013"]
[Site "Budapest"]
[Date "2013.11.04"]
[Round "2.3"]
[White "Karacsonyi, Gellert"]
[Black "Nemeth, Otto"]
[Result "1-0"]
[WhiteElo "1782"]
[BlackElo "1684"]
[PlyCount "111"]
[EventDate "2013.11.02"]

1. e4 c5 2. Nf3 Nc6 3. d4 d6 4. dxc5 Qa5+ 5. Nc3 Qxc5 6. Be3 Qb4 7. Qd2 Be6 8.
Bb5 a6 9. Be2 Nf6 10. Ng5 h6 11. Nxe6 fxe6 12. a3 Qa5 13. Bc4 Nd8 14. f3 Rc8
15. Bb3 g5 16. Qf2 Nd7 17. Bd2 Qc7 18. Qg3 Bg7 19. Qh3 Nc5 20. Qh5+ Kf8 21. Rf1
Nxb3 22. cxb3 Bxc3 23. Bxc3 e5 24. g3 Nf7 25. O-O-O Kg7 26. f4 Rcf8 27. h4 e6
28. Qg4 Qe7 29. f5 exf5 30. exf5 Qf6 31. Rd2 Rc8 32. Rd5 Rc6 33. Kb1 h5 34. Qb4
g4 35. Qxb7 Rhc8 36. Bd2 R8c7 37. Qb4 Kf8 38. Bg5 Nxg5 39. hxg5 Qxg5 40. Rxd6
Rxd6 41. Qxd6+ Qe7 42. Qh6+ Qg7 43. Qxh5 Rc6 44. Rd1 Rc8 45. Qh4 Re8 46. f6
Qg6+ 47. Ka2 Kf7 48. Rd6 e4 49. Rxa6 e3 50. Ra7+ Ke6 51. f7 Qxf7 52. Rxf7 Kxf7
53. Qh1 e2 54. Qe1 Re5 55. Kb1 Ke6 56. Kc2 1-0

[Event "First Saturday FM-B Nov 2013"]
[Site "Budapest"]
[Date "2013.11.04"]
[Round "2.4"]
[White "Gruz, Janos"]
[Black "Bacsi, Andras"]
[Result "1/2-1/2"]
[WhiteElo "1793"]
[BlackElo "1836"]
[PlyCount "25"]
[EventDate "2013.11.02"]

1. c4 g6 2. Nc3 Bg7 3. Nf3 e5 4. d4 exd4 5. Nxd4 Ne7 6. e4 Nbc6 7. Be3 O-O 8.
Be2 d6 9. O-O Nxd4 10. Bxd4 Nc6 11. Bxg7 Kxg7 12. Qd2 Be6 13. b3 1/2-1/2

[Event "First Saturday FM-B Nov 2013"]
[Site "Budapest"]
[Date "2013.11.04"]
[Round "2.5"]
[White "Brassoi-Tarnovszki, Aurel"]
[Black "Toth, Laszlo G"]
[Result "1-0"]
[WhiteElo "1592"]
[BlackElo "1683"]
[PlyCount "85"]
[EventDate "2013.11.02"]

1. e4 e5 2. Nf3 Nc6 3. Bb5 a6 4. Ba4 Nf6 5. O-O Be7 6. c3 b5 7. Bc2 O-O 8. d4
d6 9. h3 Bb7 10. d5 Nb8 11. b3 Nbd7 12. Nbd2 c5 13. c4 g6 14. Nh2 Nh5 15. g3
Bc8 16. Kg2 Ndf6 17. Ndf3 Qd7 18. Ng1 Kg7 19. Be3 bxc4 20. bxc4 Re8 21. Ba4 Qd8
22. Bxe8 Qxe8 23. g4 Nf4+ 24. Bxf4 exf4 25. f3 Rb8 26. Rb1 Bd7 27. Rxb8 Qxb8
28. Qb3 Qb4 29. Qxb4 cxb4 30. Rb1 a5 31. Ne2 g5 32. a3 bxa3 33. Ra1 Bd8 34.
Rxa3 Bb6 35. Nf1 a4 36. Nc3 Bc5 37. Ra2 a3 38. Nb5 Bxb5 39. cxb5 Nd7 40. Nd2
Nb6 41. Kf1 Kf6 42. Ke2 Ke5 43. Kd3 1-0

[Event "First Saturday FM-B Nov 2013"]
[Site "Budapest"]
[Date "2013.11.05"]
[Round "3.1"]
[White "Bacsi, Andras"]
[Black "Brassoi-Tarnovszki, Aurel"]
[Result "1-0"]
[WhiteElo "1836"]
[BlackElo "1592"]
[PlyCount "53"]
[EventDate "2013.11.02"]

1. e4 e6 2. d4 d5 3. Nd2 c5 4. exd5 Qxd5 5. Ngf3 Nf6 6. Bc4 Qd8 7. O-O Nc6 8.
dxc5 Bxc5 9. Qe2 O-O 10. Nb3 Bb6 11. Bg5 h6 12. Bh4 Na5 13. Nxa5 Bxa5 14. Rad1
Qe7 15. Ne5 g5 16. Bg3 Bc7 17. Rd2 a6 18. a4 Kg7 19. Rfd1 b6 20. Nc6 Qc5 21.
Bxc7 Qxc6 22. Be5 Ra7 23. Rd6 Qe8 24. f4 Rd7 25. Rxd7 Bxd7 26. fxg5 hxg5 27.
Rf1 1-0

[Event "First Saturday FM-B Nov 2013"]
[Site "Budapest"]
[Date "2013.11.05"]
[Round "3.2"]
[White "Nemeth, Otto"]
[Black "Gruz, Janos"]
[Result "1/2-1/2"]
[WhiteElo "1684"]
[BlackElo "1793"]
[PlyCount "31"]
[EventDate "2013.11.02"]

1. e4 e5 2. Nf3 Nc6 3. d3 f6 4. Be2 Be7 5. O-O Bc5 6. c3 Nge7 7. b4 Bb6 8. a4
a6 9. a5 Ba7 10. Na3 O-O 11. Nc4 d6 12. Qb3 Kh8 13. Be3 Bxe3 14. Nxe3 Qd7 15.
Rfd1 Qe6 16. Nd5 1/2-1/2

[Event "First Saturday FM-B Nov 2013"]
[Site "Budapest"]
[Date "2013.11.05"]
[Round "3.3"]
[White "Szlenka, Attila"]
[Black "Karacsonyi, Gellert"]
[Result "1/2-1/2"]
[WhiteElo "1821"]
[BlackElo "1782"]
[PlyCount "81"]
[EventDate "2013.11.02"]

1. Nf3 f5 2. b3 d6 3. d4 Nf6 4. Bb2 g6 5. e3 Bg7 6. Be2 Nbd7 7. c4 O-O 8. O-O
Qe8 9. Nc3 c6 10. Rb1 e5 11. dxe5 dxe5 12. Ba3 c5 13. Nd5 Nxd5 14. Qxd5+ Qf7
15. Rfd1 Qxd5 16. Rxd5 b6 17. Rbd1 h6 18. Rd6 g5 19. h3 e4 20. Ne1 Ne5 21. Bb2
Kh7 22. Rd8 Rxd8 23. Rxd8 Nf7 24. Rd2 Bxb2 25. Rxb2 Be6 26. Rd2 Rd8 27. Rxd8
Nxd8 28. Bd1 Nc6 29. Bc2 Nb4 30. Bb1 Bd7 31. a3 Nc6 32. f3 exf3 33. Nxf3 Kg7
34. Kf2 Na5 35. Ne5 Be6 36. Bc2 Kf6 37. Nf3 a6 38. Nd2 b5 39. cxb5 axb5 40. b4
cxb4 41. axb4 1/2-1/2

[Event "First Saturday FM-B Nov 2013"]
[Site "Budapest"]
[Date "2013.11.05"]
[Round "3.4"]
[White "Marcu, Simon"]
[Black "Szonyi, Bence"]
[Result "1-0"]
[WhiteElo "1892"]
[BlackElo "1660"]
[PlyCount "51"]
[EventDate "2013.11.02"]

1. d4 Nf6 2. c4 e6 3. a3 d5 4. e3 Be7 5. Nc3 O-O 6. c5 b6 7. b4 a5 8. Bd2 axb4
9. axb4 Rxa1 10. Qxa1 bxc5 11. bxc5 Nc6 12. Bb5 Bd7 13. Nf3 Ne4 14. O-O Nxd2
15. Nxd2 Nb8 16. Rb1 Bxb5 17. Nxb5 c6 18. Na7 e5 19. Nf3 exd4 20. exd4 Bf6 21.
Rb6 Qc7 22. g3 Qe7 23. Nxc6 Qxc5 24. dxc5 Bxa1 25. Rxb8 Rxb8 26. Nxb8 1-0

[Event "First Saturday FM-B Nov 2013"]
[Site "Budapest"]
[Date "2013.11.05"]
[Round "3.5"]
[White "Szakacs, Eniko"]
[Black "Szabo, Miklos Istvan"]
[Result "1-0"]
[WhiteElo "1750"]
[BlackElo "1315"]
[PlyCount "59"]
[EventDate "2013.11.02"]

1. Nf3 Nf6 2. d4 c5 3. g3 g6 4. Bg2 Bg7 5. O-O cxd4 6. Nxd4 e5 7. Nb5 d5 8. c4
d4 9. Qa4 O-O 10. Bg5 Qb6 11. Nd2 Bd7 12. Qb3 Bc6 13. Bxf6 Bxf6 14. Ne4 Bxe4
15. Bxe4 a6 16. Na3 Qxb3 17. axb3 Ra7 18. Nb5 axb5 19. Rxa7 Na6 20. Bd5 b4 21.
Rxb7 e4 22. Rb6 Nc5 23. Rxf6 Nxb3 24. Rd1 Kg7 25. Rb6 f5 26. Rxb4 Nc5 27. Rxd4
Kf6 28. Rb6+ Ke5 29. e3 g5 30. b4 1-0

[Event "First Saturday FM-B Nov 2013"]
[Site "Budapest"]
[Date "2013.11.06"]
[Round "4.1"]
[White "Szonyi, Bence"]
[Black "Szakacs, Eniko"]
[Result "1-0"]
[WhiteElo "1660"]
[BlackElo "1750"]
[PlyCount "61"]
[EventDate "2013.11.02"]

1. e4 e6 2. d4 d5 3. Nc3 Bb4 4. e5 c5 5. a3 Bxc3+ 6. bxc3 Qa5 7. Bd2 Qa4 8. Qg4
g6 9. Nf3 Nc6 10. Be2 Nge7 11. O-O Qxc2 12. dxc5 Qf5 13. Qg3 Qe4 14. Rfe1 Nf5
15. Qg5 Qa4 16. Qf6 Rf8 17. Bd3 Nce7 18. Bxf5 Nxf5 19. Bg5 Qd7 20. g4 Ne7 21.
Qg7 Ng8 22. Qxh7 Qa4 23. Qh4 Bd7 24. Nd4 Qa5 25. Be3 Qxc3 26. Rec1 Qa5 27. c6
bxc6 28. Nxc6 Bxc6 29. Rxc6 Kd7 30. Rac1 Rac8 31. Rd6+ 1-0

[Event "First Saturday FM-B Nov 2013"]
[Site "Budapest"]
[Date "2013.11.06"]
[Round "4.2"]
[White "Karacsonyi, Gellert"]
[Black "Marcu, Simon"]
[Result "1-0"]
[WhiteElo "1782"]
[BlackElo "1892"]
[PlyCount "59"]
[EventDate "2013.11.02"]

1. e4 c6 2. d4 d5 3. exd5 cxd5 4. Bd3 Nc6 5. c3 Nf6 6. Bg5 e6 7. Nf3 Be7 8. O-O
O-O 9. Nbd2 Nh5 10. Bxe7 Qxe7 11. Rc1 Bd7 12. Re1 Nf4 13. Bb1 Na5 14. Ne5 Qg5
15. g3 Nh3+ 16. Kg2 Nf4+ 17. Kh1 Nh3 18. Kg2 Nf4+ 19. Kh1 Nh3 20. Qc2 Qh6 21.
Nxd7 Nxf2+ 22. Kg2 Qh3+ 23. Kxf2 Qxh2+ 24. Kf3 Qh5+ 25. Kg2 f5 26. Nxf8 Rxf8
27. Nf3 Nc4 28. Qe2 f4 29. Qxe6+ Kh8 30. Qh3 1-0

[Event "First Saturday FM-B Nov 2013"]
[Site "Budapest"]
[Date "2013.11.06"]
[Round "4.3"]
[White "Gruz, Janos"]
[Black "Szlenka, Attila"]
[Result "1/2-1/2"]
[WhiteElo "1793"]
[BlackElo "1821"]
[PlyCount "27"]
[EventDate "2013.11.02"]

1. Nf3 c5 2. c4 Nc6 3. Nc3 d6 4. e4 e5 5. d3 Nge7 6. Be2 a6 7. Bd2 Rb8 8. O-O
h6 9. Rb1 b5 10. Nd5 Nxd5 11. cxd5 Nd4 12. Nxd4 cxd4 13. f4 Be7 14. f5 1/2-1/2

[Event "First Saturday FM-B Nov 2013"]
[Site "Budapest"]
[Date "2013.11.06"]
[Round "4.4"]
[White "Brassoi-Tarnovszki, Aurel"]
[Black "Nemeth, Otto"]
[Result "1-0"]
[WhiteElo "1592"]
[BlackElo "1684"]
[PlyCount "89"]
[EventDate "2013.11.02"]

1. e4 e5 2. Nf3 d6 3. d4 f6 4. Bc4 Bg4 5. Bxg8 Rxg8 6. Qd3 Qd7 7. Qb3 Rh8 8.
Qxb7 Qc6 9. Qxc6+ Nxc6 10. dxe5 Bxf3 11. gxf3 Nd4 12. Kd1 dxe5 13. c3 Nxf3 14.
Ke2 Ng5 15. Bxg5 fxg5 16. Nd2 h6 17. Nc4 Bd6 18. Rad1 Ke7 19. Rd5 Ke6 20. Rhd1
Rad8 21. Nxe5 Be7 22. Rxd8 Rxd8 23. Rxd8 Bxd8 24. Nc6 Bf6 25. Nxa7 g4 26. Nc6
g6 27. Nb4 Be5 28. a4 Bxh2 29. Nd3 h5 30. a5 c6 31. e5 Kd7 32. c4 h4 33. c5 h3
34. Kf1 Kc8 35. a6 g3 36. fxg3 Bxg3 37. e6 Bb8 38. b4 g5 39. Nf2 h2 40. Kg2 Kd8
41. Ng4 Ke7 42. Ne5 Bxe5 43. a7 Kxe6 44. a8=Q Kd5 45. Qg8+ 1-0

[Event "First Saturday FM-B Nov 2013"]
[Site "Budapest"]
[Date "2013.11.06"]
[Round "4.5"]
[White "Toth, Laszlo G"]
[Black "Bacsi, Andras"]
[Result "0-1"]
[WhiteElo "1683"]
[BlackElo "1836"]
[PlyCount "64"]
[EventDate "2013.11.02"]

1. e4 c5 2. d3 Nc6 3. g3 g6 4. Bg2 Bg7 5. c3 e5 6. Nf3 Nge7 7. O-O O-O 8. Nbd2
d5 9. Qe2 h6 10. Re1 Be6 11. Nb3 b6 12. Rd1 a5 13. Nbd2 Qc7 14. Nf1 Rad8 15. a3
Kh7 16. Bd2 f5 17. Rac1 a4 18. exd5 Bxd5 19. Ne3 Bb3 20. Re1 Qd7 21. Nc4 Bxc4
22. dxc4 e4 23. Bf4 exf3 24. Bxf3 Qd3 25. Bxc6 Qxe2 26. Rxe2 Nxc6 27. Bc7 Rde8
28. Rxe8 Rxe8 29. Bxb6 Rb8 30. Bxc5 Rxb2 31. Bb4 Rb3 32. Rd1 Bxc3 0-1

[Event "First Saturday FM-B Nov 2013"]
[Site "Budapest"]
[Date "2013.11.07"]
[Round "5.1"]
[White "Nemeth, Otto"]
[Black "Toth, Laszlo G"]
[Result "1/2-1/2"]
[WhiteElo "1684"]
[BlackElo "1683"]
[PlyCount "117"]
[EventDate "2013.11.02"]

1. e4 e5 2. Nf3 Nc6 3. Bc4 Nf6 4. d3 Bc5 5. Bg5 h6 6. Bh4 g5 7. Bg3 d6 8. h3
Be6 9. Bb5 a6 10. Ba4 b5 11. Bb3 Qd7 12. c3 Bb6 13. Bc2 g4 14. hxg4 Bxg4 15.
Nbd2 h5 16. b4 Nh7 17. a4 Ke7 18. axb5 axb5 19. Qb1 Qc8 20. Bh4+ Kf8 21. Bb3
Kg7 22. Rxa8 Qxa8 23. Bd5 Be6 24. c4 Bxd5 25. cxd5 Nd4 26. Nxd4 Bxd4 27. Ke2
Qa3 28. Rc1 Bc3 29. Nf3 Rc8 30. Be7 Ra8 31. Rc2 Qxb4 32. Qxb4 Bxb4 33. d4 exd4
34. Nxd4 Bc5 35. Nxb5 Re8 36. Bxd6 cxd6 37. f3 Nf6 38. g3 Nxd5 39. Rd2 Ne7 40.
Nxd6 Bxd6 41. Rxd6 Nf5 42. Rd5 Nxg3+ 43. Kf2 h4 44. Rg5+ Kh6 45. Rg4 Kh5 46.
Rf4 Re7 47. Kg2 f5 48. exf5 Rf7 49. Kh3 Nxf5 50. Re4 Rg7 51. Rf4 Rg3+ 52. Kh2
Kg5 53. Rb4 Rxf3 54. Rb5 h3 55. Rb8 Kg4 56. Rg8+ Kf4 57. Rh8 Rf1 58. Rxh3 Kg4
59. Ra3 1/2-1/2

[Event "First Saturday FM-B Nov 2013"]
[Site "Budapest"]
[Date "2013.11.07"]
[Round "5.3"]
[White "Marcu, Simon"]
[Black "Gruz, Janos"]
[Result "1/2-1/2"]
[WhiteElo "1892"]
[BlackElo "1793"]
[PlyCount "37"]
[EventDate "2013.11.02"]

1. d4 d5 2. c4 e6 3. e3 c6 4. Nc3 Nf6 5. b3 Bd6 6. f4 O-O 7. Nf3 Nbd7 8. Bd3 b6
9. O-O Bb7 10. Ne5 g6 11. Bb2 dxc4 12. Nxc4 Be7 13. Qf3 Nd5 14. Nxd5 cxd5 15.
Ne5 Nxe5 16. fxe5 f5 17. exf6 Bxf6 18. Ba3 Be7 19. Qxf8+ 1/2-1/2

[Event "First Saturday FM-B Nov 2013"]
[Site "Budapest"]
[Date "2013.11.07"]
[Round "5.4"]
[White "Szakacs, Eniko"]
[Black "Karacsonyi, Gellert"]
[Result "0-1"]
[WhiteElo "1750"]
[BlackElo "1782"]
[PlyCount "150"]
[EventDate "2013.11.02"]

1. d4 f5 2. g3 Nf6 3. Bg2 g6 4. Nf3 Bg7 5. O-O O-O 6. c4 d6 7. Nc3 Qe8 8. Nb5
Na6 9. Bf4 c6 10. Nc3 Nh5 11. Qc1 Nxf4 12. Qxf4 e5 13. dxe5 dxe5 14. Qd2 Be6
15. b3 Rd8 16. Qb2 Qe7 17. e4 Nc5 18. Qe2 fxe4 19. Nxe4 Nxe4 20. Qxe4 Bf5 21.
Qe3 e4 22. Rae1 Bf6 23. Nh4 Bxh4 24. gxh4 Qxh4 25. Qg3 Qxg3 26. hxg3 Rd2 27.
Bxe4 Bxe4 28. Rxe4 Rxa2 29. Re7 b6 30. Re3 a5 31. Re6 Rc8 32. Rd1 Ra3 33. Rd3
a4 34. Ree3 b5 35. cxb5 cxb5 36. bxa4 Ra1+ 37. Kg2 bxa4 38. Ra3 Rxa3 39. Rxa3
Ra8 40. Kf3 Kf7 41. Ke3 Ke6 42. Ke4 Ra5 43. Kd4 h5 44. Ke4 g5 45. f4 g4 46. Kd4
Kd6 47. Kc4 Ra8 48. Kd4 Kc6 49. Kc4 Re8 50. Kb4 Rb8+ 51. Kc4 Re8 52. Kb4 Kb6
53. Rd3 Re4+ 54. Ka3 Kc5 55. Ka2 Kb4 56. Rd8 Re2+ 57. Ka1 Re3 58. Rb8+ Ka3 59.
Kb1 Rxg3 60. Rh8 Rf3 61. Rxh5 Rxf4 62. Rg5 Kb3 63. Rb5+ Rb4 64. Rg5 Kc3+ 65.
Ka1 Kd3 66. Rg8 Ke3 67. Ka2 Kf2 68. Rf8+ Kg1 69. Ka3 Re4 70. Rg8 Re3+ 71. Kxa4
g3 72. Kb4 Kf2 73. Kc4 g2 74. Kd4 Rg3 75. Rf8+ Rf3 0-1

[Event "First Saturday FM-B Nov 2013"]
[Site "Budapest"]
[Date "2013.11.07"]
[Round "5.5"]
[White "Szabo, Miklos Istvan"]
[Black "Szonyi, Bence"]
[Result "1/2-1/2"]
[WhiteElo "1315"]
[BlackElo "1660"]
[PlyCount "78"]
[EventDate "2013.11.02"]

1. e4 c5 2. Nc3 e6 3. Bc4 d6 4. Nf3 Be7 5. O-O Nf6 6. Re1 Nc6 7. d4 cxd4 8.
Nxd4 O-O 9. a3 e5 10. Nf3 Bg4 11. h3 Bh5 12. Qd3 a6 13. Bd2 b5 14. Bb3 Bxf3 15.
Qxf3 Nd4 16. Qd3 Nxb3 17. cxb3 h6 18. f4 exf4 19. Bxf4 b4 20. Nd5 Nxd5 21. Qxd5
Rc8 22. Rac1 Qb6+ 23. Kh1 Rxc1 24. Rxc1 Qf2 25. Qd2 Qxd2 26. Bxd2 bxa3 27. bxa3
d5 28. exd5 Bxa3 29. Ra1 Bc5 30. b4 Be7 31. Rxa6 Rd8 32. Ra5 Rb8 33. b5 Bd8 34.
Ra6 Kh7 35. Ba5 Bxa5 36. Rxa5 Rb6 37. Ra7 Rxb5 38. d6 Rd5 39. Rxf7 Rxd6 1/2-1/2

[Event "First Saturday FM-B Nov 2013"]
[Site "Budapest"]
[Date "2013.11.08"]
[Round "6.3"]
[White "Brassoi-Tarnovszki, Aurel"]
[Black "Marcu, Simon"]
[Result "1-0"]
[WhiteElo "1592"]
[BlackElo "1892"]
[PlyCount "99"]
[EventDate "2013.11.02"]

1. e4 c6 2. d4 d5 3. e5 e6 4. f4 Ne7 5. Bd3 Ng6 6. Nf3 c5 7. c3 Nc6 8. O-O Bd7
9. Be3 c4 10. Bc2 b5 11. a3 a5 12. Nbd2 Be7 13. h3 b4 14. axb4 axb4 15. Rxa8
Qxa8 16. Qa1 O-O 17. g4 b3 18. Qxa8 Rxa8 19. Bb1 Nf8 20. f5 g6 21. f6 Bd8 22.
Kf2 Be8 23. h4 Nd7 24. Ke2 Nb6 25. Kd1 Ra1 26. Kc1 Na4 27. h5 Na5 28. hxg6 fxg6
29. Ng5 Bf7 30. Rh1 h5 31. gxh5 Be8 32. Nxe6 Nc6 33. Nf4 Nb6 34. hxg6 Bd7 35.
e6 Bxf6 36. exd7 Nxd7 37. Nxd5 Bg7 38. Nxc4 Nf8 39. Rg1 Ne6 40. Nd2 Na5 41. Nb6
Bf8 42. Nbc4 Nxc4 43. Nxc4 Nc7 44. Bf4 Nd5 45. Be5 Bh6+ 46. Nd2 Ne3 47. Rh1 Bg5
48. Rg1 Bh6 49. Bg3 Ra7 50. g7 1-0

[Event "First Saturday FM-B Nov 2013"]
[Site "Budapest"]
[Date "2013.11.08"]
[Round "7.5"]
[White "Toth, Laszlo G"]
[Black "Szlenka, Attila"]
[Result "1/2-1/2"]
[WhiteElo "1683"]
[BlackElo "1821"]
[PlyCount "59"]
[EventDate "2013.11.02"]

1. e4 Nf6 2. Nc3 d5 3. exd5 Nxd5 4. Bc4 c6 5. Qf3 e6 6. Nge2 Nd7 7. d4 Be7 8.
O-O N7f6 9. Nxd5 exd5 10. Bd3 h6 11. h3 g5 12. Bf5 Be6 13. Re1 Qd7 14. Ng3
O-O-O 15. Bxe6 fxe6 16. Qe2 Bd6 17. Qxe6 Bxg3 18. Qxd7+ Kxd7 19. fxg3 Ne4 20.
Kh2 Rdf8 21. Be3 Rf6 22. b3 Rhf8 23. c4 a6 24. c5 Kc7 25. b4 Ra8 26. a4 Kd7 27.
g4 Raf8 28. Reb1 Nc3 29. Re1 Ne4 30. Kg1 1/2-1/2

[Event "First Saturday FM-B Nov 2013"]
[Site "Budapest"]
[Date "2013.11.08"]
[Round "6.5"]
[White "Bacsi, Andras"]
[Black "Nemeth, Otto"]
[Result "1-0"]
[WhiteElo "1836"]
[BlackElo "1684"]
[PlyCount "101"]
[EventDate "2013.11.02"]

1. e4 c5 2. Nf3 Nc6 3. d4 cxd4 4. Nxd4 d6 5. c4 Nf6 6. Nc3 g6 7. Be2 Bg7 8. Be3
Bd7 9. O-O O-O 10. Qd2 Rc8 11. f3 a6 12. Rac1 h5 13. b3 Nxd4 14. Bxd4 Bc6 15.
Rfd1 Qc7 16. b4 Bd7 17. Bxf6 Bxf6 18. Nd5 Qb8 19. Nxf6+ exf6 20. Qxd6 Qxd6 21.
Rxd6 Be6 22. Rc2 Rc7 23. a3 Rfc8 24. c5 Kg7 25. Rcd2 a5 26. Kf2 axb4 27. axb4
Ra8 28. Ke3 Ra1 29. Rd1 Ra3+ 30. R6d3 Ra2 31. Rc3 Rb2 32. b5 Kf8 33. Rd2 Rb1
34. f4 Kg7 35. Rdc2 Rb4 36. b6 Rc8 37. Bf3 Bd7 38. e5 Bc6 39. Bxc6 Rxc6 40. Rc4
Rb3+ 41. R2c3 Rb2 42. Ra4 Rbxb6 43. Kd4 Rb2 44. Ra7 fxe5+ 45. fxe5 Rd2+ 46. Kc4
b6 47. Rf3 Rxc5+ 48. Kb3 Rxe5 49. Rfxf7+ Kh6 50. h4 g5 51. Rf6# 1-0

[Event "First Saturday FM-B Nov 2013"]
[Site "Budapest"]
[Date "2013.11.09"]
[Round "7.2"]
[White "Marcu, Simon"]
[Black "Toth, Laszlo G"]
[Result "1-0"]
[WhiteElo "1892"]
[BlackElo "1683"]
[PlyCount "53"]
[EventDate "2013.11.02"]

1. d4 Nf6 2. c4 g6 3. Nc3 Bg7 4. e4 d6 5. f3 O-O 6. Be3 e5 7. d5 Nh5 8. Qd2 f5
9. Bd3 f4 10. Bf2 Nd7 11. g4 fxg3 12. hxg3 Ndf6 13. O-O-O a6 14. Kb1 Bd7 15.
Rf1 Qe8 16. Nge2 b5 17. c5 b4 18. Nd1 Bb5 19. c6 Qb8 20. Be3 a5 21. g4 Nf4 22.
Bxf4 exf4 23. Nxf4 Bxd3+ 24. Qxd3 Qb6 25. g5 Ne8 26. Ne6 Rf7 27. f4 1-0

[Event "First Saturday FM-B Nov 2013"]
[Site "Budapest"]
[Date "2013.11.09"]
[Round "7.3"]
[White "Szakacs, Eniko"]
[Black "Brassoi-Tarnovszki, Aurel"]
[Result "1/2-1/2"]
[WhiteElo "1750"]
[BlackElo "1592"]
[PlyCount "25"]
[EventDate "2013.11.02"]

1. d4 d5 2. e3 Nf6 3. Nf3 Bg4 4. Be2 e6 5. h3 Bxf3 6. Bxf3 c5 7. c3 c4 8. O-O
Be7 9. Nd2 b5 10. e4 a5 11. e5 Nfd7 12. Be2 O-O 13. f4 1/2-1/2